00761nam a2200205 a 450000100060000000300090000600800410001502000150005604000280007108200200009910000280011924500300014726000300017730000090020759001360021665000190035294200120037199900170038395201550040020648CO-ViMGA141112s2004 ck r 000 u spa d a8408053272 aCO-ViMGAbspacCO-ViMGA04aCh 863.44 S377h1 aSerrano, Marcela91946510aHasta siempre, mujercitas aChile : bPlaneta, c2004 a286p aForma de adquisición : Compra fact.0544 - - Precio : 34000 - - Proveedor : Temas y libros - - Fecha de adquisición : Abril 200614aNOVELA CHILENA 2ddccBK c29641d29641 00102ddc40708003aMEVIECARbMEVIECARd2015-12-04hVolumen. 1 | 11/jun/2009l0oCh 863.44 S377h p20648r2015-12-04 00:00:00tEj. 1w2015-12-04yBK